Física y química aplicadas a la informática /

Guardado en:
Autor Principal: Martínez Riachi, Susana
Otros Autores: Freites, Margarita Adela
Formato: Libro
Publicado: Buenos Aires : Thomson , 2006
Materias:
Etiquetas: Agregar Etiqueta
Sin Etiquetas, Sea el primero en etiquetar este registro!
LEADER 01033nam a22002535a 4500
001 CEM.cems012843
005 20080423091121.0
008 130507s2006##################000#0#####d
003 CEMS
020 |a 9872266506 
082 0 4 |a 660 
100 1 |a Martínez Riachi, Susana 
245 1 0 |a Física y química aplicadas a la informática /  |c Susana Martínez Riachi, Margarita Adela Freites 
260 |a Buenos Aires :  |b  Thomson ,  |c 2006 
300 |a 504 p. 
500 |a Nivel Terciario 
505 0 |a Monitores: monitores tipo CRT , monitores tipo LCD -- La información: transporte de la información, almacenamiento de la información, semiconductores -- El medio ambiente: contaminación y riesgo laboral -- El átomo-- La sustancia -- Química inorgánica y orgánica -- Cinética y equilibrio químico. 
653 |a Física 
653 |a Química 
653 |a Monitores 
653 |a Información 
653 |a Medio ambiente 
700 1 |a Freites, Margarita Adela 
859 |a CEMS  |b BIB. CEMS - 11 de abril  |h 660  |i M366  |p 25099.08  |t Ej.1